00712nam a2200241 a 4500001000900000005001700009008004100026020001500067041000800082044000700090050002200097100002500119245004300144260002700187300002400214440002400238500001100262651004200273902000800315942001100323999001500334952012100349BRL_112820190320211040.0141113s1971----gw-a######---#000-0#ger-# a3499114941 ager agw 4aE169.1b.M38 19711 aMatthias, Leo92586810aDie Kehrseite der USAcL. L. Matthias. aHamburgbRowohltc1971 a427 p.bil.c19 cm. 0arororov1494925869 aAu1330 4aEstados UnidosxCivilización915566 aGRL 2lcccB c9940d9940 00104070aBRLbBRLd2013-11-14iAu1330l0oE169.1 .M38 1971 (Au1330)pGRL01242r2019-03-22 00:00:00w2019-03-22yB